| 000 | 00872nas a2200277 4500 | ||
|---|---|---|---|
| 001 | BR0806988 | ||
| 003 | BR-BrBNA | ||
| 005 | 20231205112215.0 | ||
| 007 | ta | ||
| 008 | 230509b bl.|||p| |||| 00| 00por d | ||
| 040 |
_aBR-BrBNA _bpor _cBiblioteca Nacional de Agricultura |
||
| 041 | _a(Pt) | ||
| 072 | _aD50; F30; F03 | ||
| 100 | 1 | _aPinho, E.V. de R. Von | |
| 100 | 1 | _aSalgado, K.C.P. de C.S. | |
| 245 | 1 | _aInovações tecnológicas na produção de sementes | |
| 650 | _aBIOTECNOLOGIA | ||
| 650 | _aPRODUÇÃO VEGETAL | ||
| 650 | _aSEMENTE | ||
| 650 | _aHIBRIDAÇÃO | ||
| 650 | _aSELEÇÃO | ||
| 650 | _aCONTAMINAÇÃO | ||
| 773 | 0 |
_tInforme Agropecuário - Empresa de Pesquisa Agropecuária de Minas Gerais (Brazil) _xISSN 0100-3364 _g(May-Jun 2006), v. 27(232) p. 22-31 _wBR0806988 |
|
| 909 |
_a202311 _bLúcia _c55 _dLúcia Elande |
||
| 942 |
_2AGRIS _n0 _cANA |
||
| 999 |
_c196727 _d196727 |
||